| 000 | 00585nam a2200217 a 4500 | ||
|---|---|---|---|
| 005 | 20140310183305.0 | ||
| 008 | 050726s19uu xx 00 eng d | ||
| 020 | _a0130477222 | ||
| 050 |
_aHF 5823 _b.W455 2004 |
||
| 100 | _aWells, William | ||
| 245 |
_aAdvertising principles & practice / _cWilliam Wells |
||
| 250 | _a6th ed. | ||
| 260 |
_aSingapore : _bPearson Education Asia, _c2004. |
||
| 300 |
_a599 p. : _bill. ; _c26 cm. |
||
| 521 | _aMC | ||
| 650 | _aAdvertising. | ||
| 700 | _aBurnett, John | ||
| 700 | _aMoriarty, Sandra | ||
| 942 |
_cBK _2lcc _kFOR |
||
| 999 |
_c21065 _d21065 |
||